Normal view
MARC view
- الاردن - تاريخ - الملك عبدالله بن الحسين الاول - فلسطين
Entry Topical Term
001 - CONTROL NUMBER
- control field: 53416
003 - CONTROL NUMBER IDENTIFIER
- control field: JO-AjAnu
005 - DATE AND TIME OF LATEST TRANSACTION
- control field: 20230606082755.0
008 - FIXED-LENGTH DATA ELEMENTS
- fixed length control field: 230606|| aca||aabn | a|a d
040 ## - CATALOGING SOURCE
- Original cataloging agency: JO-AjAnu
- Transcribing agency: JO-AjAnu
150 ## - HEADING--TOPICAL TERM
- Topical term or geographic name entry element: الاردن - تاريخ - الملك عبدالله بن الحسين الاول - فلسطين
670 ## - SOURCE DATA FOUND
- Source citation: Work cat.: (JO-AjAnu)27288: عبدالله بن الحسين بن علي، ملك الأردن، 1988 - 1951؛ اشراف البخيت، محمد عدنان، جمع وإعداد محمد عدنان البخيت، جمع وإعداد هند غسان أبو الشعر، جمع وإعداد نوفان رجا السوارية, author 53415, الوثائق الهاشمية: أوراق عبدالله بن الحسين : الإدارة الأردنية في فلسطين 1948-1951م، الجزء السادس